000 00632nam a2200205 4500
001 109761
003 ES-MaACL
005 20230906184915.0
007 t|
008 061121s1971 sp r ||||1| spa d
100 1 _aMuñiz Romero, Carlos.
_984280
245 1 4 _aLos caballeros del hacha /
_cCarlos Muñiz Romero.
260 _aGranada :
_bUniversidad de Granada,
_c1971.
300 _a156 p. ;
_c21 cm.
490 1 _aColección monográfica ;
_vVol. 2
710 2 _aUniversidad de Granada.
_97176
830 0 _aColección monográfica ;
_vVol. 2
_9181433
852 _aES-MaACL
_jC-41133
_bR.80257
999 _c109761
_d109761